000 00392nam a2200181Ia 4500
001 3035
005 20260306144851.0
008 260306t2012||||xx |||||||||||||| ||spa||
041 _aESP
082 _a245
_bP54
100 _aPieper, Josef
_eAUT
245 0 _aLas virtudes fundamentales
260 _c2012
300 _a
_c
650 _aGEN
654 _aCHU
942 _cLIB
_dJUS
_fJUS
_2ddc
_n
999 _c3035
_d3035